History Quiz

Random History Quiz

Nelson Mandela: A Slideshow Tribute Quiz Stats

Quiz not verified by Sporcle

Challenge
Share
Tweet
Score 0/15 Timer 10:00
0 Plays Today
% Correct
South Africa
97.2%
1995 Springboks
78.1%
Robben Island
66.4%
Mandela Day
63.1%
Morgan Freeman (as Nelson Mandela in Invictus)
61.9%
F.W. de Klerk
59.4%
African National Congress (ANC)
57.8%
Long Walk to Freedom
45%
% Correct
Nobel Peace Prize (1993)
39.7%
Houghton Estate, Gauteng
36.9%
Thabo Mbeki
32.2%
Nelson Mandela Bridge
24.7%
Mandela Family Museum
23.6%
Methodism
21.9%
Nelson Mandela Square
7.5%

You're not logged in!

Compare scores with friends on all Sporcle quizzes.
Sign Up with Email
OR
Log In

You Might Also Like...

Show Comments

Extras

Top Quizzes Today


Score Distribution

Your Account Isn't Verified!

In order to create a playlist on Sporcle, you need to verify the email address you used during registration. Go to your Sporcle Settings to finish the process.